000 003320000a22001330004500
005 20120302065340.0
942 _cBOOK
100 _a
_aMahakavi Shree Bhavabhuti
_bVeer Raghava
245 _a Mahaveercharitam - Uttar Ram Charit
260 _aMumbai : 1892
300 _a254 + 174 + 267 + 53 + 129
040 _aSan
365 _b/-
999 _c364548
_d364545